Iris Murdoch as a Postmodern novelist with Reference of her two novels under the net and the sea, the sea/ (Record no. 172817)

MARC details
000 -LEADER
fixed length control field 00603nam a22001817a 4500
005 - DATE AND TIME OF LATEST TRANSACTION
control field 20200213123253.0
010 ## - LCCN (DPL NO)
LC control number ENG-127726
020 ## - INTERNATIONAL STANDARD BOOK NUMBER
Terms of availability 250.00
International Standard Book Number 9789388927628
035 ## - SYSTEM CONTROL NUMBER
System control number EN-111258
037 ## - SOURCE OF ACQUISITION
Source of stock number/acquisition DBAD/PUB
082 ## - DEWEY DECIMAL CLASSIFICATION NUMBER
Classification number 920
100 ## - MAIN ENTRY--PERSONAL NAME
Personal name Jotangiya,Paresh N
245 ## - TITLE STATEMENT
Title Iris Murdoch as a Postmodern novelist with Reference of her two novels under the net and the sea, the sea/
Statement of responsibility, etc by Paresh N Jotangiya
260 ## - PUBLICATION, DISTRIBUTION, ETC. (IMPRINT)
Place of publication, distribution, etc Ahmedabad
Date of publication, distribution, etc 2019
Name of publisher, distributor, etc Vedant Publication
270 ## - ADDRESS
Address Rajkot, Ahmedabad, Surat
Postal code 360001
City Ahmedabad
300 ## - PHYSICAL DESCRIPTION
Extent 111p.
Other physical details 20cm(pbk)
942 ## - ADDED ENTRY ELEMENTS (KOHA)
Source of classification or shelving scheme Dewey Decimal Classification
Item type English Books
Classification part 920
Call number suffix JOT
Holdings
Withdrawn status Lost status Not for loan Collection code Home library Current library Date acquired Source of acquisition Cost, normal purchase price Full call number Barcode Copy number Cost, replacement price Koha item type
      Non-fiction Central Library Central Library 13/02/2020 DBAD/PUB 250.00 920 JOT EN-111258 1 250.00 English Books

© Delhi Public Library
Hit Counter
free hit counter